<?xml version="1.0" encoding="UTF-8"?>
<record
    xmlns:xsi="http://www.w3.org/2001/XMLSchema-instance"
    xsi:schemaLocation="http://www.loc.gov/MARC21/slim http://www.loc.gov/standards/marcxml/schema/MARC21slim.xsd"
    xmlns="http://www.loc.gov/MARC21/slim">

  <leader>02271nam a22003017a 4500</leader>
  <controlfield tag="005">20250422094003.0</controlfield>
  <controlfield tag="008">240405b           ||||| |||| 00| 0 eng d</controlfield>
  <datafield tag="020" ind1=" " ind2=" ">
    <subfield code="a">9789356063648</subfield>
  </datafield>
  <datafield tag="040" ind1=" " ind2=" ">
    <subfield code="c">AIMIT LIBRARY</subfield>
  </datafield>
  <datafield tag="082" ind1=" " ind2=" ">
    <subfield code="2">3</subfield>
    <subfield code="a">658.15</subfield>
    <subfield code="b">BERJ</subfield>
  </datafield>
  <datafield tag="100" ind1=" " ind2=" ">
    <subfield code="a">Berk, Jonathan</subfield>
    <subfield code="9">158931</subfield>
  </datafield>
  <datafield tag="245" ind1=" " ind2=" ">
    <subfield code="a">Financial Management /</subfield>
    <subfield code="c">By Jonathan Berk, Peter DeMarzo and Rama Seth</subfield>
  </datafield>
  <datafield tag="250" ind1=" " ind2=" ">
    <subfield code="a">3rd ed.</subfield>
  </datafield>
  <datafield tag="260" ind1=" " ind2=" ">
    <subfield code="a">Noida, Uttar Pradesh</subfield>
    <subfield code="b">Pearson India Education Services Pvt.Ltd</subfield>
    <subfield code="c">2023</subfield>
  </datafield>
  <datafield tag="300" ind1=" " ind2=" ">
    <subfield code="a">xxxiii, 1082p. ;</subfield>
    <subfield code="b">PB :</subfield>
    <subfield code="c">25 cm</subfield>
  </datafield>
  <datafield tag="500" ind1=" " ind2=" ">
    <subfield code="a">This text presents financial management as an application of the core concepts of the subject helping students relate theories and concepts to practice. Covering the major topical areas for introductory-level MBA students as well as the depth required in a reference textbook for upper-division courses, the text blends coverage of time-tested principles and the latest advancements with the practical perspective of the financial manager. Features &#x2022;The content integrates important lessons in a series of contextual Covid-19 and Global Financial Crisis boxes. These boxes bring the relevance of the crises home to students by illustrating and analysing key details about financial crises and sovereign debt dynamics. &#x2022;New centralized coverage of financial ratios in Chapter 2 in a specific section provides students with the tools to analyze financial statements. &#x2022;The text introduces the Law of One Price concept as the basis for NPV and the time value of money in Chapter 3, Financial Decision Making and the Law of One Price. &#x2022;Includes updated text discussions and figures, tables and facts to accurately reflect the recent developments in the field. &#x2022;Several new practitioner interviews incorporate timely perspectives from the leaders in the field.</subfield>
  </datafield>
  <datafield tag="650" ind1=" " ind2=" ">
    <subfield code="a">Time, Money and Interest Rates</subfield>
    <subfield code="9">158932</subfield>
  </datafield>
  <datafield tag="650" ind1=" " ind2=" ">
    <subfield code="a">Valuing Projects and Firms</subfield>
    <subfield code="9">158933</subfield>
  </datafield>
  <datafield tag="650" ind1=" " ind2=" ">
    <subfield code="a">Risk and Return </subfield>
    <subfield code="9">158934</subfield>
  </datafield>
  <datafield tag="650" ind1=" " ind2=" ">
    <subfield code="a">Capital Structure</subfield>
    <subfield code="9">158935</subfield>
  </datafield>
  <datafield tag="650" ind1=" " ind2=" ">
    <subfield code="a">Advanced Valuation </subfield>
    <subfield code="9">158936</subfield>
  </datafield>
  <datafield tag="650" ind1=" " ind2=" ">
    <subfield code="a">Long Term Financing </subfield>
    <subfield code="9">158937</subfield>
  </datafield>
  <datafield tag="650" ind1=" " ind2=" ">
    <subfield code="a">Short-Term Financing </subfield>
    <subfield code="9">158938</subfield>
  </datafield>
  <datafield tag="650" ind1=" " ind2=" ">
    <subfield code="a">Special Topics</subfield>
    <subfield code="9">158939</subfield>
  </datafield>
  <datafield tag="700" ind1=" " ind2=" ">
    <subfield code="a">DeMarzo, Peter</subfield>
    <subfield code="9">158940</subfield>
  </datafield>
  <datafield tag="700" ind1=" " ind2=" ">
    <subfield code="a">Seth, Rama</subfield>
    <subfield code="9">158941</subfield>
  </datafield>
  <datafield tag="942" ind1=" " ind2=" ">
    <subfield code="2">ddc</subfield>
    <subfield code="c">BK</subfield>
    <subfield code="e">3rd</subfield>
    <subfield code="k">658.15 BERJ</subfield>
  </datafield>
  <datafield tag="999" ind1=" " ind2=" ">
    <subfield code="c">230675</subfield>
    <subfield code="d">230675</subfield>
  </datafield>
  <datafield tag="952" ind1=" " ind2=" ">
    <subfield code="0">0</subfield>
    <subfield code="1">0</subfield>
    <subfield code="2">ddc</subfield>
    <subfield code="4">0</subfield>
    <subfield code="7">0</subfield>
    <subfield code="8">MBA</subfield>
    <subfield code="a">AIMIT</subfield>
    <subfield code="b">AIMIT</subfield>
    <subfield code="d">2024-03-09</subfield>
    <subfield code="e">Biblios Book Point</subfield>
    <subfield code="g">1080.00</subfield>
    <subfield code="l">0</subfield>
    <subfield code="o">658.15 BERJ</subfield>
    <subfield code="p">MBA14674</subfield>
    <subfield code="r">2025-07-21 00:00:00</subfield>
    <subfield code="v">864.00</subfield>
    <subfield code="w">2024-04-05</subfield>
    <subfield code="y">BK</subfield>
  </datafield>
  <datafield tag="952" ind1=" " ind2=" ">
    <subfield code="0">0</subfield>
    <subfield code="1">0</subfield>
    <subfield code="2">ddc</subfield>
    <subfield code="4">0</subfield>
    <subfield code="7">0</subfield>
    <subfield code="8">MBA</subfield>
    <subfield code="a">AIMIT</subfield>
    <subfield code="b">AIMIT</subfield>
    <subfield code="c">FM</subfield>
    <subfield code="d">2025-03-11</subfield>
    <subfield code="e">Biblios Book Point</subfield>
    <subfield code="g">1120.00</subfield>
    <subfield code="i">Bill.no:7466; Bill.dt:2025/04/1</subfield>
    <subfield code="l">0</subfield>
    <subfield code="o">658.15 BERJ</subfield>
    <subfield code="p">MBA14870</subfield>
    <subfield code="r">2025-07-21 00:00:00</subfield>
    <subfield code="v">874.00</subfield>
    <subfield code="w">2025-04-15</subfield>
    <subfield code="y">BK</subfield>
  </datafield>
  <datafield tag="952" ind1=" " ind2=" ">
    <subfield code="0">0</subfield>
    <subfield code="1">0</subfield>
    <subfield code="2">ddc</subfield>
    <subfield code="4">0</subfield>
    <subfield code="7">0</subfield>
    <subfield code="8">MBA</subfield>
    <subfield code="a">AIMIT</subfield>
    <subfield code="b">AIMIT</subfield>
    <subfield code="c">FM</subfield>
    <subfield code="d">2025-03-11</subfield>
    <subfield code="e">Biblios Book Point</subfield>
    <subfield code="g">1120.00</subfield>
    <subfield code="i">Bill.no:7466; Bill.dt:2025/04/1</subfield>
    <subfield code="l">0</subfield>
    <subfield code="o">658.15 BERJ</subfield>
    <subfield code="p">MBA14871</subfield>
    <subfield code="r">2025-07-21 00:00:00</subfield>
    <subfield code="v">874.00</subfield>
    <subfield code="w">2025-04-15</subfield>
    <subfield code="y">BK</subfield>
  </datafield>
</record>
